Syntéza časopis pre teóriu a metódy vied o práci

Na minha lista:
Detalhes bibliográficos
Formato: Periódico
Idioma:eslovaco
Publicado em: Bratislava Práca 1978
Assuntos:
Tags: Adicionar Tag
Sem tags, seja o primeiro a adicionar uma tag!

MARC

LEADER 00000nas2a2200000 4500
001 0021227
005 20250730114413.3
041 0 |a slo 
044 |a SK 
245 1 0 |a Syntéza  |b časopis pre teóriu a metódy vied o práci 
264 1 |a Bratislava  |b Práca  |c 1978 
300 |a 1 zv. 
773 0 |w eu_un_cat*s122620 
610 2 0 |a riadenie vedecké